LEADER 02193nam 22005055 450 001 996465508803316 005 20230628004419.0 010 $a3-540-38665-3 024 7 $a10.1007/3-540-10705-3 035 $a(CKB)1000000000230112 035 $a(SSID)ssj0000322624 035 $a(PQKBManifestationID)11243197 035 $a(PQKBTitleCode)TC0000322624 035 $a(PQKBWorkID)10289255 035 $a(PQKB)10069235 035 $a(DE-He213)978-3-540-38665-0 035 $a(PPN)155185578 035 $a(EXLCZ)991000000000230112 100 $a20121227d1981 u| 0 101 0 $aeng 135 $aurnn#008mamaa 181 $ctxt 182 $cc 183 $acr 200 10$aDigital Image Processing Systems$b[electronic resource] $eProceedings /$fedited by Leonard Bolc, Z. Kulpa 205 $a1st ed. 1981. 210 1$aBerlin, Heidelberg :$cSpringer Berlin Heidelberg :$cImprint: Springer,$d1981. 215 $a1 online resource (VIII, 356 p.) 225 1 $aLecture Notes in Computer Science,$x0302-9743 ;$v109 300 $aBibliographic Level Mode of Issuance: Monograph 311 $a3-540-10705-3 327 $aUniversal digital image processing systems in europe ? A comparative survey -- Cello an interactive system for image analysis -- A knowledge-based interactive robot-vision system -- Real-time processing of binary images for industrial applications -- CPO-2/K-202: A universal digital image analysis system -- The gop parallel image processor -- Object detection in infrared images. 410 0$aLecture Notes in Computer Science,$x0302-9743 ;$v109 606 $aOptical data processing 606 $aImage Processing and Computer Vision$3https://scigraph.springernature.com/ontologies/product-market-codes/I22021 615 0$aOptical data processing. 615 14$aImage Processing and Computer Vision. 676 $a006.6 676 $a006.37 702 $aBolc$b Leonard$f1934-2013.$4edt$4http://id.loc.gov/vocabulary/relators/edt 702 $aKulpa$b Z$4edt$4http://id.loc.gov/vocabulary/relators/edt 906 $aBOOK 912 $a996465508803316 996 $aDigital image processing systems$9382526 997 $aUNISA LEADER 03251oam 2200685I 450 001 9910781048803321 005 20230725044859.0 010 $a1-135-22947-3 010 $a1-135-22948-1 010 $a1-282-57624-0 010 $a9786612576249 010 $a0-203-86504-9 024 7 $a10.4324/9780203865040 035 $a(CKB)2550000000006752 035 $a(EBL)481085 035 $a(OCoLC)609638025 035 $a(SSID)ssj0000359580 035 $a(PQKBManifestationID)12110932 035 $a(PQKBTitleCode)TC0000359580 035 $a(PQKBWorkID)10307244 035 $a(PQKB)10145036 035 $a(MiAaPQ)EBC481085 035 $a(Au-PeEL)EBL481085 035 $a(CaPaEBR)ebr10370093 035 $a(CaONFJC)MIL257624 035 $a(OCoLC)609638025 035 $a(EXLCZ)992550000000006752 100 $a20180706d2010 uy 0 101 0 $aeng 135 $aur|n|---||||| 181 $ctxt 182 $cc 183 $acr 200 10$aEthnic politics in Israel $ethe margins and the Ashkenazi center /$fAs'ad Ghanem 210 1$aLondon ;$aNew York :$cRoutledge,$d2010. 215 $a1 online resource (234 p.) 225 1 $aRoutledge studies in Middle Eastern politics ;$v16 300 $aDescription based upon print version of record. 311 $a0-415-84748-6 311 $a0-415-54735-0 320 $aIncludes bibliographical references (p. [199]-211) and index. 327 $aIsrael as a hegemonic ethnic state and the politics of group identity -- The Palestinian minority in Israel : resisting the "ethnocratic" system -- Mizrahi (Oriental) Jews and the Ashkenazi system : incorporation vs. separation politics -- Jewish religious groups and the politics of identity in the "secular-Jewish" state -- Russian immigrants : imposing multi-culturalism in the public sphere in Israel -- Groups divisions, the external conflict and political instability in Israel since Oslo -- Conclusion : the future of group politics in Israel. 330 $aThis book offers an analysis on contemporary Israeli democracy, examining in particular society and politics from the perspectives of the different ethnic groups outside of the Ashkenazi mainstream. The book explores the political expressions of the secondary groups in Israel (Mizrahim, Religious, Russians and Palestinian-Arab) and how these groups where treated by the Ashkinazim as a threat to its hegemony over the state. Looking at the instability created by the struggle of these marginal groups against the state, and the discrimination policy practiced by the Ashkenazi 'hegemonic 410 0$aRoutledge studies in Middle Eastern politics ;$v16. 606 $aEthnicity$xPolitical aspects$zIsrael 606 $aMinorities$xPolitical activity$zIsrael 606 $aGroup identity$zIsrael 607 $aIsrael$xEthnic relations$xPolitical aspects 615 0$aEthnicity$xPolitical aspects 615 0$aMinorities$xPolitical activity 615 0$aGroup identity 676 $a305.80095694 676 $a323.15694 700 $aGanim$b As'ad.$0850646 801 0$bFlBoTFG 801 1$bFlBoTFG 906 $aBOOK 912 $a9910781048803321 996 $aEthnic politics in Israel$93674926 997 $aUNINA